Postales desde el Salado : (Registro nro. 3434)
[ vista simple ]
| 000 -LEADER | |
|---|---|
| fixed length control field | 01433nam a2200289Ia 4500 |
| 003 - CONTROL NUMBER IDENTIFIER | |
| control field | OSt |
| 005 - DATE AND TIME OF LATEST TRANSACTION | |
| control field | 20200903150728.0 |
| 008 - FIXED-LENGTH DATA ELEMENTS--GENERAL INFORMATION | |
| fixed length control field | 191128s2017 ck ao gr 000 0 spa d |
| 020 ## - INTERNATIONAL STANDARD BOOK NUMBER | |
| International Standard Book Number | 9789585990401 |
| 040 ## - CATALOGING SOURCE | |
| Original cataloging agency | CO-JMCR |
| Transcribing agency | CO-JMCR |
| 041 0# - LANGUAGE CODE | |
| Language code of text/sound track or separate title | spa |
| 082 04 - DEWEY DECIMAL CLASSIFICATION NUMBER | |
| Classification number | 361.8 / |
| Item number | M379p |
| Edition number | 23 |
| 100 1# - MAIN ENTRY--PERSONAL NAME | |
| Personal name | Martín Franco, Iván Bernal, |
| Relator term | autor |
| 9 (RLIN) | 9748 |
| 245 10 - TITLE STATEMENT | |
| Title | Postales desde el Salado : |
| Remainder of title | la historia de un pueblo que se reconstruyó a sí mismo / |
| Statement of responsibility, etc. | Iván Bernal Martín Franco ; fotografía, Alejandra Quintero Sinisterra. |
| 250 ## - EDITION STATEMENT | |
| Edition statement | Primera edición |
| 260 ## - PUBLICATION, DISTRIBUTION, ETC. | |
| Place of publication, distribution, etc. | Bogotá : |
| Name of publisher, distributor, etc. | Fundación Semana : BID, |
| Date of publication, distribution, etc. | 2017 |
| 300 ## - PHYSICAL DESCRIPTION | |
| Extent | 168 páginas : |
| Other physical details | fotografías a color ; |
| Dimensions | 29 cm. |
| 505 0# - FORMATTED CONTENTS NOTE | |
| Formatted contents note | Esto hicimos -- El pueblo que sobrevivió a una masacre amenizada por gaitas -- Las víctimas de una masacre que no debió ocurrir |
| 520 3# - SUMMARY, ETC. | |
| Summary, etc. | En febrero de 2000, El Salado, en Bolivar, fue escenario de una de las peores masacres de la historia de Colombia, que provocó el desplazamiento de todos sus habitantes. |
| 650 14 - SUBJECT ADDED ENTRY--TOPICAL TERM | |
| Topical term or geographic name entry element | Masacre de El Salado |
| Chronological subdivision | 2000 |
| Geographic subdivision | Bolívar (Colombia) |
| 9 (RLIN) | 9749 |
| 650 14 - SUBJECT ADDED ENTRY--TOPICAL TERM | |
| Topical term or geographic name entry element | Crímenes de lesa humanidad |
| Geographic subdivision | El Salado (Bolívar, Colombia) |
| 9 (RLIN) | 9750 |
| 650 14 - SUBJECT ADDED ENTRY--TOPICAL TERM | |
| Topical term or geographic name entry element | Violencia |
| Geographic subdivision | El Salado (Bolívar, Colombia) |
| 9 (RLIN) | 9751 |
| 650 14 - SUBJECT ADDED ENTRY--TOPICAL TERM | |
| Topical term or geographic name entry element | Responsabilidad del Estado |
| Geographic subdivision | Colombia |
| 9 (RLIN) | 9752 |
| 650 14 - SUBJECT ADDED ENTRY--TOPICAL TERM | |
| Topical term or geographic name entry element | Asesinatos |
| Geographic subdivision | El Salado (Bolívar, Colombia) |
| 9 (RLIN) | 9753 |
| 700 1# - ADDED ENTRY--PERSONAL NAME | |
| Personal name | Alejandra, Quintero Sinisterra, |
| Relator term | fotógrafa |
| 9 (RLIN) | 9754 |
| 942 ## - ADDED ENTRY ELEMENTS (KOHA) | |
| Source of classification or shelving scheme | Dewey Decimal Classification |
| Koha item type | Books |
| Withdrawn status | Lost status | Source of classification or shelving scheme | Damaged status | Not for loan | Collection code | Home library | Current library | Date acquired | Source of acquisition | Total Checkouts | Full call number | Barcode | Date last seen | Date last checked out | Copy number | Koha item type | Shelving location | Price effective from |
|---|---|---|---|---|---|---|---|---|---|---|---|---|---|---|---|---|---|---|
| Dewey Decimal Classification | Non-fiction | Biblioteca Pública José María del Castillo y Rada | Biblioteca Pública José María del Castillo y Rada | 04/11/2018 | Donación | 2 | 361.8 / M379p | 201807284 | 05/16/2024 | 01/21/2020 | Ej.1 | Books | ||||||
| Dewey Decimal Classification | Biblioteca Pública José María del Castillo y Rada | Biblioteca Pública José María del Castillo y Rada | 10/02/2020 | Donación | 361.8 / M379p | 201810432 | 05/16/2024 | Ej.2 | Books | General Stacks | 10/02/2020 |